[Event "17. Open de la Constitución 2015"]
[Site "San Sebastian de los Reyes ES"]
[Date "2015.12.05"]
[Round "6.12"]
[White "Gonzalez Berrendero, Carlos"]
[Black "Fernandez Estremera, Fernando"]
[Result "1-0"]
[WhiteElo "1842"]
[BlackElo "1564"]
[PlyCount "119"]
[EventDate "2015.11.30"]
[EventType "swiss"]
[EventRounds "9"]
[EventCountry "ESP"]
[Source "lmi"]
[SourceDate "2015.11.30"]

1. b4 Nf6 2. Bb2 e6 3. b5 d5 4. e3 c6 5. a4 Be7 6. Nf3 Nbd7 7. Be2 a6 8. Nc3
O-O 9. O-O Qc7 10. Ba3 Bxa3 11. Rxa3 axb5 12. Ra1 b4 13. Na2 Rxa4 14. c3 b3 15.
Qxb3 Nc5 16. Qc2 Qa5 17. Rfb1 Bd7 18. d4 Nce4 19. Bd1 b5 20. Qb2 Ra3 21. Nb4
Ra8 22. Rxa3 Qxa3 23. Qxa3 Rxa3 24. Rc1 Rxc3 25. Rxc3 Nxc3 26. Bc2 Nce4 27. Ne5
c5 28. dxc5 Nxc5 29. Nxd7 Nfxd7 30. f3 Ne5 31. Kf2 h6 32. Ke2 Kf8 33. Kd2 Nc4+
34. Ke2 Ke7 35. h4 Kd6 36. f4 f5 37. Kf3 Nd2+ 38. Ke2 Nde4 39. Kf3 Nd2+ 40. Ke2
Nc4 41. Kf3 Kc7 42. g4 fxg4+ 43. Kxg4 Nxe3+ 44. Kh5 Ne4 45. Kg6 Nf5 46. Nxd5+
exd5 47. Kxf5 Nf6 48. Kg6 Ne8 49. Kf7 Kd8 50. Bg6 b4 51. Kf8 Nd6 52. Bc2 Kd7
53. Kxg7 Ke6 54. Kg6 Ne4 55. f5+ Ke5 56. Bxe4 Kxe4 57. f6 b3 58. f7 b2 59. f8=Q
Kd4 60. Qb4+ 1-0

[Event "17. Open de la Constitución 2015"]
[Site "San Sebastian de los Reyes ES"]
[Date "2015.12.05"]
[Round "6.13"]
[White "Tarrio Ocana, Jose Manuel"]
[Black "Lopez Ziegler, Juan Jose"]
[Result "1-0"]
[WhiteElo "1829"]
[BlackElo "1543"]
[PlyCount "101"]
[EventDate "2015.11.30"]
[EventType "swiss"]
[EventRounds "9"]
[EventCountry "ESP"]
[Source "lmi"]
[SourceDate "2015.11.30"]

1. e4 e6 2. d4 d5 3. exd5 exd5 4. Bd3 c5 5. Qe2+ Qe7 6. dxc5 Qxe2+ 7. Nxe2 Bxc5
8. Nbc3 Ne7 9. Nf4 d4 10. Ne4 Bb4+ 11. Bd2 Bxd2+ 12. Nxd2 O-O 13. O-O-O Bf5 14.
Bxf5 Nxf5 15. Nb3 Nc6 16. g4 Nd6 17. Nxd4 Rac8 18. Nxc6 Rxc6 19. Nd5 Kh8 20.
Rhe1 a5 21. Ne7 Ra6 22. Rd5 g6 23. Red1 Ne4 24. Rd8 Kg7 25. f3 Re6 26. Rxf8
Kxf8 27. fxe4 Kxe7 28. Re1 Kf6 29. Kd2 Kg5 30. h3 f6 31. Ke3 Kh4 32. Kf4 a4 33.
Rd1 Re7 34. Rd6 g5+ 35. Kf3 Rf7 36. Kg2 h5 37. gxh5 Kxh5 38. a3 g4 39. hxg4+
Kxg4 40. Rd4 b5 41. e5+ Kf5 42. exf6 Kxf6 43. Rf4+ Ke6 44. Rxf7 Kxf7 45. Kf3
Ke6 46. Ke4 Kd6 47. Kd4 Kc6 48. c4 Kb6 49. cxb5 Kxb5 50. Kd5 Kb6 51. Kc4 1-0

[Event "17. Open de la Constitución 2015"]
[Site "San Sebastian de los Reyes ES"]
[Date "2015.12.05"]
[Round "6.14"]
[White "Tronch Ilzarbe, Carlos Maria"]
[Black "Camarero Izquierdo, Juan Carlos"]
[Result "1/2-1/2"]
[WhiteElo "1722"]
[BlackElo "1825"]
[PlyCount "68"]
[EventDate "2015.11.30"]
[EventType "swiss"]
[EventRounds "9"]
[EventCountry "ESP"]
[Source "lmi"]
[SourceDate "2015.11.30"]

1. e4 c5 2. Nf3 d6 3. Bb5+ Nc6 4. O-O Bg4 5. Re1 e6 6. c3 Nf6 7. d4 Nd7 8. Bxc6
bxc6 9. Qd3 cxd4 10. cxd4 d5 11. Bf4 Bb4 12. Rc1 Bxf3 13. Qxf3 Qb6 14. exd5
cxd5 15. Nc3 O-O 16. Qd3 Be7 17. Na4 {(=)} Qb4 18. b3 Bf6 19. Rc7 Nb6 20. Nxb6
Qxb6 21. Rc5 Qb4 22. Be3 Rac8 23. a3 Qb6 24. Rac1 Rb8 25. b4 {(=)} Qd8 26. Qa6
e5 27. Qd3 Be7 28. Rc7 a5 29. dxe5 axb4 30. axb4 Rxb4 31. Rxe7 {(=)} Qxe7 32.
Bc5 Rc4 33. Qxc4 Qxe5 34. Qd4 Qg5 1/2-1/2

[Event "17. Open de la Constitución 2015"]
[Site "San Sebastian de los Reyes ES"]
[Date "2015.12.05"]
[Round "6.15"]
[White "Sebastian Enesco, Alex"]
[Black "Mehalingam, Karunanithi"]
[Result "1-0"]
[WhiteElo "1833"]
[BlackElo "1449"]
[PlyCount "65"]
[EventDate "2015.11.30"]
[EventType "swiss"]
[EventRounds "9"]
[EventCountry "ESP"]
[Source "lmi"]
[SourceDate "2015.11.30"]

1. g4 c6 2. Bg2 e5 3. c4 d6 4. h3 g6 5. d3 Bg7 6. Nc3 Ne7 7. Bg5 f6 8. Be3 Be6
9. g5 f5 10. h4 f4 11. Bd2 Nf5 12. Qb3 Qe7 13. e3 Na6 14. Nge2 Nc5 15. Qc2 fxe3
16. fxe3 h5 17. b4 Na6 18. b5 Nb4 19. Qb1 d5 20. a3 d4 21. Ne4 Nxe3 22. Bxe3
Nxd3+ 23. Qxd3 dxe3 24. bxc6 Rd8 25. Qxe3 bxc6 26. O-O Bxc4 27. Nf6+ Bxf6 28.
gxf6 Qe6 29. Qg5 Kf7 30. Rae1 Qg4 31. Qxe5 Rhe8 32. Qc7+ Kf8 33. Qg7# 1-0

[Event "17. Open de la Constitución 2015"]
[Site "San Sebastian de los Reyes ES"]
[Date "2015.12.05"]
[Round "6.16"]
[White "Hernandez Ramos, Alberto"]
[Black "Sacristan Virseda, Fernando"]
[Result "0-1"]
[WhiteElo "1578"]
[BlackElo "1951"]
[PlyCount "50"]
[EventDate "2015.11.30"]
[EventType "swiss"]
[EventRounds "9"]
[EventCountry "ESP"]
[Source "lmi"]
[SourceDate "2015.11.30"]

1. e4 c5 2. Nf3 e6 3. d4 cxd4 4. Nxd4 Nf6 5. Nc3 Nc6 6. Bg5 h6 7. Bh4 Bb4 8.
Ndb5 Qa5 9. Bxf6 gxf6 10. Nd6+ Ke7 11. Nxc8+ Raxc8 12. Qd2 Ne5 13. f4 Rxc3 14.
O-O-O Qxa2 15. Qxc3 Bxc3 16. bxc3 Nc4 17. Bxc4 Qxc4 18. Rd3 Qxe4 19. Rhd1 Qxf4+
20. Kb2 d5 21. g3 Qc7 22. Rd4 Rc8 23. R1d3 b5 24. Re3 Qc5 25. Kb3 b4 0-1

[Event "17. Open de la Constitución 2015"]
[Site "San Sebastian de los Reyes ES"]
[Date "2015.12.05"]
[Round "6.17"]
[White "Garcia Minguez, Antonio"]
[Black "Sirera Ripoll, Jose Luis"]
[Result "1/2-1/2"]
[WhiteElo "1572"]
[BlackElo "1769"]
[PlyCount "79"]
[EventDate "2015.11.30"]
[EventType "swiss"]
[EventRounds "9"]
[EventCountry "ESP"]
[Source "lmi"]
[SourceDate "2015.11.30"]

1. d4 Nf6 2. Nf3 g6 3. c3 d5 4. h3 Bg7 5. Bf4 c5 6. e3 cxd4 7. exd4 Qb6 8. Qc1
O-O 9. Bd3 Nc6 10. O-O Bd7 11. Nbd2 Rfc8 12. Nb3 a5 13. Re1 a4 14. Nc5 Be8 15.
Ne5 Nxe5 16. Bxe5 Qc6 17. Bc2 b6 18. Nd3 a3 19. Nb4 Qb7 20. Bb3 axb2 21. Qxb2
e6 22. Rac1 Ba4 23. c4 dxc4 24. Bxc4 b5 25. Be2 Nd5 26. Bxg7 Kxg7 27. Bf3 Qd7
28. Rc5 Rxc5 29. dxc5+ Kg8 30. Nxd5 exd5 31. Re5 Re8 32. Rxe8+ Qxe8 33. Qd2 b4
34. Bxd5 Qd7 35. Qg5 Bb5 36. Bb3 Bc6 37. Qe5 Qb7 38. f3 Qd7 39. Kh2 Qb7 40. Qf4
1/2-1/2

[Event "17. Open de la Constitución 2015"]
[Site "San Sebastian de los Reyes ES"]
[Date "2015.12.05"]
[Round "6.19"]
[White "Alameda Arellano, Cristeto"]
[Black "Perez Gonzalez, Jesus Miguel"]
[Result "1-0"]
[WhiteElo "1545"]
[BlackElo "1731"]
[PlyCount "109"]
[EventDate "2015.11.30"]
[EventType "swiss"]
[EventRounds "9"]
[EventCountry "ESP"]
[Source "lmi"]
[SourceDate "2015.11.30"]

1. d4 g6 2. c4 Bg7 3. Nc3 Nc6 4. Nf3 Nf6 5. e4 d6 6. Be2 O-O 7. O-O Re8 8. d5
Nb8 9. Ne1 e5 10. Bg5 h6 11. Be3 Kh7 12. Nd3 Nbd7 13. Rc1 b6 14. b4 a5 15. bxa5
Rxa5 16. Nb4 Bb7 17. Qc2 Qa8 18. Nb5 Rc8 19. f3 Nc5 20. Ra1 Ra4 21. Nd3 Nfd7
22. Nb2 Rxa2 23. Rxa2 Qxa2 24. Rb1 Qb3 25. Qc1 Ra8 26. Nxc7 Ra3 27. Bd2 Qa2 28.
Nb5 Nb3 29. Qc2 Nxd2 30. Nxa3 Nxb1 31. Nxb1 Nc5 32. Nc3 Qa3 33. Nbd1 Nb3 34.
Nb5 Qc5+ 35. Nf2 Na5 36. Kf1 Bf8 37. Ng4 Be7 38. Qc1 Bg5 39. Qa3 Ba6 40. Qxc5
dxc5 41. Nxe5 Kg7 42. Nc7 Bc8 43. d6 Bd8 44. Ng4 f6 45. Ne3 Nb7 46. Nb5 Bd7 47.
Bd3 Bxb5 48. cxb5 Nxd6 49. Bc4 Kf8 50. Ke2 Be7 51. Kd3 h5 52. Nd5 Bd8 53. Nf4
Nxc4 54. Kxc4 Bc7 55. Ne6+ 1-0

[Event "17. Open de la Constitución 2015"]
[Site "San Sebastian de los Reyes ES"]
[Date "2015.12.05"]
[Round "6.21"]
[White "Salgado Nogal, Marcos"]
[Black "Martinez Miura, Enrique"]
[Result "0-1"]
[WhiteElo "1467"]
[BlackElo "1611"]
[PlyCount "44"]
[EventDate "2015.11.30"]
[EventType "swiss"]
[EventRounds "9"]
[EventCountry "ESP"]
[Source "lmi"]
[SourceDate "2015.11.30"]

1. e4 e6 2. d4 d5 3. e5 c5 4. c3 Nc6 5. Nf3 cxd4 6. cxd4 Nge7 7. Bd3 Bd7 8. Nc3
a6 9. O-O Rc8 10. a3 h6 11. Bc2 g6 12. Ne2 Qc7 13. b4 Nxe5 14. Nxe5 Qxc2 15.
Qxc2 Rxc2 16. Ng3 Nc6 17. Nxc6 Rxc6 18. Be3 Bg7 19. Rac1 Rc4 20. Rfe1 Ke7 21.
Ne4 Rxc1 22. Rxc1 dxe4 0-1

[Event "17. Open de la Constitución 2015"]
[Site "San Sebastian de los Reyes ES"]
[Date "2015.12.05"]
[Round "6.22"]
[White "Alvarez Gonzalez, Eduardo"]
[Black "Llamas Martinez, Pablo"]
[Result "1-0"]
[WhiteElo "1779"]
[BlackElo "1422"]
[PlyCount "63"]
[EventDate "2015.11.30"]
[EventType "swiss"]
[EventRounds "9"]
[EventCountry "ESP"]
[Source "lmi"]
[SourceDate "2015.11.30"]

1. d4 Nf6 2. Nf3 d6 3. c4 g6 4. Nc3 Bg7 5. e4 O-O 6. Be2 e5 7. O-O exd4 8. Nxd4
Be6 9. Be3 Re8 10. f3 c6 11. Qd2 Na6 12. Rfd1 Qc7 13. Rac1 Rad8 14. Bf1 Nd7 15.
Qf2 b6 16. Nxe6 Rxe6 17. Qd2 Be5 18. Bf4 Bxf4 19. Qxf4 Rf6 20. Qh6 Re8 21. Be2
Re5 22. Qh3 Rh5 23. Qg3 Ndc5 24. Rd2 b5 25. cxb5 cxb5 26. Nd5 Rxd5 27. Rxd5 Qb6
28. Qf2 Re6 29. a3 Re7 30. b4 Rc7 31. bxc5 Nxc5 32. Rcd1 1-0

[Event "17. Open de la Constitución 2015"]
[Site "San Sebastian de los Reyes ES"]
[Date "2015.12.05"]
[Round "6.23"]
[White "Di Pietro Moreno, Fatima"]
[Black "Galan Aguado, Fernando"]
[Result "0-1"]
[WhiteElo "1408"]
[BlackElo "1720"]
[PlyCount "128"]
[EventDate "2015.11.30"]
[EventType "swiss"]
[EventRounds "9"]
[EventCountry "ESP"]
[Source "lmi"]
[SourceDate "2015.11.30"]

1. d4 Nf6 2. Nf3 d6 3. Bf4 Nh5 4. Bg3 Nd7 5. e3 Nxg3 6. hxg3 Nf6 7. Bd3 Bg4 8.
Nbd2 e6 9. c3 Qd7 10. Qb3 b6 11. Ne4 h6 12. Nxf6+ gxf6 13. Nd2 e5 14. d5 Qe7
15. Ba6 Bd7 16. Bb7 Rb8 17. Bc6 Bg7 18. Qb5 Bxc6 19. Qxc6+ Qd7 20. Qxd7+ {(=)}
Kxd7 21. Nf3 a5 22. Nh4 Rbg8 23. Nf5 Bf8 24. e4 Rg5 25. Ke2 b5 26. a4 c6 27.
dxc6+ Kxc6 28. b4 axb4 29. cxb4 bxa4 30. Rxa4 Kb5 31. Ra8 Bg7 32. Nxd6+ Kc6 33.
Rxh8 Bxh8 34. Nxf7 Rg8 35. Nxh6 Rb8 36. Rb1 Bg7 37. Ng4 Kb5 38. Ne3 Rc8 39. Nd5
Rc4 40. Kd3 Rd4+ 41. Kc3 Rxe4 42. Nc7+ Kc6 43. Ra1 Bf8 44. Na6 Re2 45. b5+ Kxb5
46. Nc7+ Kc6 47. Ne6 Bc5 48. Ra6+ Bb6 49. Nd8+ Kb5 50. Ra8 Rxf2 51. Rb8 Kc5 52.
Ne6+ Kc6 53. Re8 Kd7 54. Rb8 Ba5+ 55. Kc4 Kxe6 56. Rb5 Bd2 57. Rb6+ Kf5 58. Rb2
Be3 59. Rxf2+ Bxf2 60. Kd3 e4+ 61. Ke2 Bxg3 62. Ke3 Bf4+ 63. Kf2 Kg4 64. Ke2
Kg3 0-1

[Event "17. Open de la Constitución 2015"]
[Site "San Sebastian de los Reyes ES"]
[Date "2015.12.05"]
[Round "6.25"]
[White "Villodre Miranda, Juan Alonso"]
[Black "Penas Merino, Ramona"]
[Result "1-0"]
[WhiteElo "1660"]
[BlackElo "1406"]
[PlyCount "97"]
[EventDate "2015.11.30"]
[EventType "swiss"]
[EventRounds "9"]
[EventCountry "ESP"]
[Source "lmi"]
[SourceDate "2015.11.30"]

1. c4 e5 2. e4 d6 3. g3 Nc6 4. Bg2 f5 5. Nc3 Nf6 6. d3 Be7 7. Nge2 O-O 8. O-O
Rb8 9. h3 Be6 10. b3 fxe4 11. dxe4 Qd7 12. Kh2 Rf7 13. f4 exf4 14. gxf4 Qd8 15.
f5 Bd7 16. Ng3 Ne5 17. Nd5 Nxd5 18. cxd5 Bf6 19. Rb1 Qf8 20. Nh5 Bb5 21. Nxf6+
Rxf6 22. Re1 Nd3 23. Re3 Nxc1 24. Rxc1 Qe7 25. Qd4 a6 26. Rec3 Rc8 27. R1c2 Be8
28. Qa7 c5 29. dxc6 Bxc6 30. Kg1 Rf7 31. Qd4 Re8 32. Re3 Rxf5 33. exf5 Qxe3+
34. Qxe3 Rxe3 35. Bxc6 bxc6 36. Rxc6 Re1+ 37. Kf2 Re5 38. Rxa6 Rxf5+ 39. Kg3
Rd5 40. b4 Rd3+ 41. Kf2 Rxh3 42. b5 Rh2+ 43. Ke3 Rb2 44. a4 Rb4 45. b6 d5 46.
a5 Re4+ 47. Kd3 Re8 48. b7 Kf7 49. Ra8 1-0

[Event "17. Open de la Constitución 2015"]
[Site "San Sebastian de los Reyes ES"]
[Date "2015.12.05"]
[Round "6.26"]
[White "Garcia Lopez, Fernando"]
[Black "Moreno Fernandez, Jaime"]
[Result "1-0"]
[WhiteElo "1644"]
[BlackElo "1313"]
[PlyCount "37"]
[EventDate "2015.11.30"]
[EventType "swiss"]
[EventRounds "9"]
[EventCountry "ESP"]
[Source "lmi"]
[SourceDate "2015.11.30"]

1. e4 e5 2. Nf3 Nc6 3. Bb5 a6 4. Ba4 b5 5. Bb3 Nf6 6. O-O Nxe4 7. d4 d6 8. Bd5
Bb7 9. Bxe4 Nxd4 10. Bxb7 Nxf3+ 11. Bxf3 Rb8 12. Bc6+ Ke7 13. Nc3 Rb6 14. Nd5+
Ke6 15. Nxb6 cxb6 16. Qd5+ Ke7 17. f4 g6 18. fxe5 dxe5 19. Qxe5# 1-0

[Event "17. Open de la Constitución 2015"]
[Site "San Sebastian de los Reyes ES"]
[Date "2015.12.05"]
[Round "6.29"]
[White "Sirera Andres, Dario"]
[Black "Rodenas Riesco, Alfonso"]
[Result "1/2-1/2"]
[WhiteElo "1360"]
[BlackElo "1502"]
[PlyCount "146"]
[EventDate "2015.11.30"]
[EventType "swiss"]
[EventRounds "9"]
[EventCountry "ESP"]
[Source "lmi"]
[SourceDate "2015.11.30"]

1. e4 e5 2. Nf3 Nc6 3. Bb5 Bc5 4. c3 Nf6 5. O-O O-O 6. Bxc6 dxc6 7. d4 exd4 8.
cxd4 Be7 9. Re1 Re8 10. Nc3 Bb4 11. Qd3 h6 12. a3 Bf8 13. h3 b6 14. Bf4 Bb7 15.
Re3 a6 16. Bh2 a5 17. Rae1 c5 18. d5 c4 19. Qd2 Ba6 20. e5 Nh7 21. Re4 Bc5 22.
Nd4 Ng5 23. R4e3 Nh7 24. f4 Nf8 25. f5 Qh4 26. Re4 Qh5 27. g4 Qxh3 28. Qe3
Qxe3+ 29. R1xe3 Nh7 30. Bf4 Rac8 31. Kg2 b5 32. Re1 b4 33. Ncb5 Bb7 34. Nc6
Bxc6 35. dxc6 Red8 36. Rxc4 Bb6 37. e6 fxe6 38. fxe6 Nf6 39. e7 Re8 40. g5 hxg5
41. Bxg5 Kf7 42. Bxf6 gxf6 43. Rce4 Rg8+ 44. Kf3 Rh8 45. axb4 axb4 46. Kg3
Rcg8+ 47. Kf4 Rh4+ 48. Kf3 Rxe4 49. Rxe4 Re8 50. Rxb4 Rxe7 51. Nc3 Re6 52. Rc4
Rd6 53. b4 f5 54. Na4 Rd8 55. Nxb6 cxb6 56. b5 Rc8 57. Kf4 Ke6 58. Rc1 Kf6 59.
Ra1 Ke7 60. Ra6 Rb8 61. Ra7+ Kd6 62. Ra1 Kc5 63. Rb1 Kd6 64. Kxf5 Re8 65. Kf6
Ra8 66. Rc1 Kc7 67. Ke7 Ra5 68. Rb1 Ra8 69. Rd1 Rh8 70. Rf1 Rh7+ 71. Ke6 Rh6+
72. Rf6 Rh8 73. Rf7+ Kc8 1/2-1/2

[Event "17. Open de la Constitución 2015"]
[Site "San Sebastian de los Reyes ES"]
[Date "2015.12.05"]
[Round "6.30"]
[White "Guillo Sanchez-Galiano, Ernesto"]
[Black "Medina Balenciaga, Patricio"]
[Result "0-1"]
[WhiteElo "1201"]
[BlackElo "1416"]
[PlyCount "70"]
[EventDate "2015.11.30"]
[EventType "swiss"]
[EventRounds "9"]
[EventCountry "ESP"]
[Source "lmi"]
[SourceDate "2015.11.30"]

1. d4 d5 2. Nf3 e6 3. Bf4 c5 4. e3 Nc6 5. c3 Nf6 6. Bd3 Be7 7. Ne5 c4 8. Bc2
Bd7 9. Nd2 b5 10. O-O b4 11. Qe2 a5 12. Ba4 Nxe5 13. Bxd7+ Nexd7 14. Rfe1 O-O
15. e4 Nxe4 16. Nxe4 dxe4 17. Qxe4 Nf6 18. Qf3 Nd5 19. Bd2 Bg5 20. Rad1 Bxd2
21. Rxd2 Qf6 22. Qg3 Rab8 23. Rde2 Nf4 24. Re4 Nd3 25. R1e3 bxc3 26. Rf3 Rxb2
27. h3 Qe7 28. Rg4 f5 29. Rg5 f4 30. Qg4 Qf6 31. g3 c2 32. gxf4 c1=Q+ 33. Kg2
Ne1+ 34. Kg3 Nxf3 35. Qxf3 Qfxf4+ 0-1

[Event "17. Open de la Constitución 2015"]
[Site "San Sebastian de los Reyes ES"]
[Date "2015.12.05"]
[Round "6.32"]
[White "Karunanithi, Bharath"]
[Black "Martin Rodriguez, Jose Luis"]
[Result "1-0"]
[WhiteElo "1247"]
[BlackElo "1379"]
[PlyCount "127"]
[EventDate "2015.11.30"]
[EventType "swiss"]
[EventRounds "9"]
[EventCountry "ESP"]
[Source "lmi"]
[SourceDate "2015.11.30"]

1. e4 e6 2. d4 d5 3. e5 c5 4. c3 Nc6 5. Nf3 Qb6 6. Bd3 cxd4 7. cxd4 Bd7 8. Bc2
Bb4+ 9. Nc3 Nge7 10. Qd3 Ng6 11. h4 Be7 12. Na4 Qc7 13. a3 Bf8 14. Bd2 a6 15.
b4 Na7 16. Qb3 Nb5 17. Rc1 Qd8 18. Be3 Nc7 19. Nb6 Rb8 20. g3 Bc6 21. Kd2 Nb5
22. a4 Na7 23. Bd3 Qxb6 24. Rb1 Qd8 25. Rhc1 Qd7 26. b5 axb5 27. axb5 Nxb5 28.
Bxb5 Bxb5 29. Qxb5 Qxb5 30. Rxb5 Kd7 31. Ng5 f6 32. Nf7 Rg8 33. Rc2 Ne7 34. Nd6
Nc6 35. Rxb7+ Rxb7 36. Nxb7 Bb4+ 37. Ke2 fxe5 38. dxe5 Nxe5 39. Bd4 Nc6 40. Bc5
Bxc5 41. Nxc5+ Ke7 42. Nxe6 Kxe6 43. Rxc6+ Ke5 44. Kd3 Rd8 45. Rc7 Kf6 46. Kd4
h6 47. g4 g6 48. f4 Ke6 49. Rh7 Rc8 50. Rxh6 Rc4+ 51. Ke3 Re4+ 52. Kf3 Kf7 53.
Rh8 Re7 54. Rh7+ Ke6 55. Rxe7+ Kxe7 56. Ke3 Kd6 57. Kd4 Ke6 58. h5 gxh5 59.
gxh5 Kf6 60. Kxd5 Kf5 61. h6 Kg6 62. Ke6 Kxh6 63. f5 Kg7 64. Ke7 1-0

[Event "17. Open de la Constitución 2015"]
[Site "San Sebastian de los Reyes ES"]
[Date "2015.12.06"]
[Round "7.1"]
[White "Soares, Erikson Roberto Mau"]
[Black "Perez Mitjans, Orelvis"]
[Result "0-1"]
[WhiteElo "2226"]
[BlackElo "2478"]
[PlyCount "56"]
[EventDate "2015.11.30"]
[EventType "swiss"]
[EventRounds "9"]
[EventCountry "ESP"]
[Source "lmi"]
[SourceDate "2015.11.30"]

1. Nf3 Nc6 2. d4 d5 3. g3 Bg4 4. Bg2 Qd7 5. c4 e6 6. cxd5 exd5 7. Nc3 Nge7 8.
O-O f6 9. Re1 O-O-O 10. b4 Nxb4 11. Rb1 Nf5 12. a3 Qc6 13. Bf4 g5 14. Bxc7 Qxc7
15. axb4 Kb8 16. Qd3 Qc4 17. Qxc4 dxc4 18. e3 Nd6 19. b5 Bc8 20. Nd2 Bf5 21. e4
Bg6 22. Bf1 g4 23. Rbd1 Bh6 24. e5 fxe5 25. dxe5 Nxb5 26. Nxb5 Bxd2 27. Rxd2
Rxd2 28. e6 a6 0-1

[Event "17. Open de la Constitución 2015"]
[Site "San Sebastian de los Reyes ES"]
[Date "2015.12.06"]
[Round "7.2"]
[White "Lopez de Turiso, Jose Angel"]
[Black "Roa Alonso, Santiago"]
[Result "1/2-1/2"]
[WhiteElo "2034"]
[BlackElo "2380"]
[PlyCount "98"]
[EventDate "2015.11.30"]
[EventType "swiss"]
[EventRounds "9"]
[EventCountry "ESP"]
[Source "lmi"]
[SourceDate "2015.11.30"]

1. Nf3 Nf6 2. g3 g6 3. Bg2 Bg7 4. O-O O-O 5. c4 d6 6. Nc3 Nc6 7. e3 a6 8. a3
Bd7 9. Qc2 Rb8 10. b4 b5 11. cxb5 axb5 12. Bb2 Na7 13. d4 Nc8 14. e4 Nb6 15.
Rad1 c6 16. d5 cxd5 17. Nxd5 Nfxd5 18. exd5 Qc8 19. Qb1 Bf5 20. Qa1 Bxb2 21.
Qxb2 Bg4 22. Rd4 Na4 23. Qd2 Bxf3 24. Bxf3 Qc3 25. Qxc3 Nxc3 26. Re1 Rb7 27.
Rd3 Rc8 28. Kg2 Kf8 29. h4 h5 30. Ree3 Na4 31. Rd2 Rcc7 32. Be2 Nc3 33. Rdd3
Nxe2 34. Rxe2 Rc4 35. Kf3 Rbc7 36. Re4 Rxe4 37. Kxe4 Rc2 38. Ke3 Ra2 39. f3 Ke8
40. Kf4 Kd7 41. Kg5 Rg2 42. f4 Rf2 43. Kh6 e5 44. dxe6+ Kxe6 45. Kg5 d5 46.
Re3+ Kd6 47. Rd3 Ke6 48. Re3+ Kd6 49. Rd3 Ke6 1/2-1/2

[Event "17. Open de la Constitución 2015"]
[Site "San Sebastian de los Reyes ES"]
[Date "2015.12.06"]
[Round "7.3"]
[White "Hernando Pertierra, Jose C"]
[Black "Quevedo Marin, Manuel"]
[Result "1-0"]
[WhiteElo "2374"]
[BlackElo "2204"]
[PlyCount "95"]
[EventDate "2015.11.30"]
[EventType "swiss"]
[EventRounds "9"]
[EventCountry "ESP"]
[Source "lmi"]
[SourceDate "2015.11.30"]

1. c4 c6 2. d4 d5 3. e3 Nf6 4. Nf3 Bf5 5. Nc3 e6 6. Bd3 Bxd3 7. Qxd3 a6 8. O-O
Bb4 9. Bd2 O-O 10. Ne5 c5 11. cxd5 cxd4 12. Qxd4 Bxc3 13. Bxc3 Nxd5 14. Rfd1
Qf6 15. Rac1 h6 16. g3 a5 17. a3 Nxc3 18. Rxc3 Na6 19. Nc4 Rfd8 20. Qg4 Rxd1+
21. Qxd1 Rd8 22. Qe2 Qf5 23. Kg2 Nc5 24. Qf3 Qb1 25. Ne5 f6 26. Rxc5 fxe5 27.
Rc7 Rf8 28. Qg4 Qh7 29. Qxe6+ Kh8 30. Qxe5 Qg6 31. e4 b5 32. h3 b4 33. axb4
axb4 34. Rb7 Re8 35. Rb8 Rg8 36. Rxb4 Qc6 37. h4 Kh7 38. Qd5 Qc2 39. Qf5+ Kh8
40. Rb7 Re8 41. h5 Qd3 42. Qg6 Rg8 43. Qf5 Qd6 44. Qd5 Qf6 45. Rf7 Qxb2 46. e5
Qe2 47. e6 Re8 48. e7 1-0

[Event "17. Open de la Constitución 2015"]
[Site "San Sebastian de los Reyes ES"]
[Date "2015.12.06"]
[Round "7.4"]
[White "Anton Quevedo, Andrea"]
[Black "Lozano Suarez, Luis Miguel"]
[Result "1-0"]
[WhiteElo "1810"]
[BlackElo "2136"]
[PlyCount "139"]
[EventDate "2015.11.30"]
[EventType "swiss"]
[EventRounds "9"]
[EventCountry "ESP"]
[Source "lmi"]
[SourceDate "2015.11.30"]

1. e4 d5 2. exd5 Qxd5 3. Nc3 Qd8 4. d4 Nf6 5. Nf3 Bg4 6. h3 Bxf3 7. Qxf3 c6 8.
Be3 e6 9. Bd3 Nbd7 10. O-O Bd6 11. Rad1 O-O 12. Rfe1 Qa5 13. Bf4 Qc7 14. Bg5
Qa5 15. Ne4 Be7 16. a3 Rfe8 17. Bf4 Nxe4 18. Qxe4 Nf6 19. Qf3 Rad8 20. Be5 Rd7
21. c3 Red8 22. g4 h6 23. h4 Ne8 24. h5 Bf6 25. Qe4 Bxe5 26. dxe5 Kf8 27. Qe2
Qa4 28. Qf3 Qb3 29. Rd2 Qd5 30. Qe3 a6 31. Red1 Qa5 32. f4 Rd5 33. Kg2 R8d7 34.
Kg3 Qd8 35. b4 b6 36. Qe4 c5 37. bxc5 bxc5 38. Qc4 Qa5 39. a4 Nc7 40. Kf3 Na8
41. Ke3 Qd8 42. Qxa6 Nc7 43. Qc4 Qh4 44. Be2 Qg3+ 45. Bf3 Rxd2 46. Rxd2 Qe1+
47. Qe2 Qc1 48. c4 Rd4 49. Qd1 Qc3+ 50. Rd3 Qxc4 51. Rxd4 cxd4+ 52. Qxd4 Qc1+
53. Kf2 Nd5 54. f5 Qg5 55. Kg3 Ne3 56. Kf2 Nc2 57. Qc5+ Kg8 58. Qxc2 Qh4+ 59.
Kf1 Qh3+ 60. Qg2 Qh4 61. fxe6 fxe6 62. a5 Qd8 63. Qa2 Qd3+ 64. Be2 Qh3+ 65. Ke1
Qc3+ 66. Kd1 Qd4+ 67. Kc2 Qxe5 68. Qc4 Qxa5 69. Qxe6+ Kf8 70. Qf5+ 1-0

[Event "17. Open de la Constitución 2015"]
[Site "San Sebastian de los Reyes ES"]
[Date "2015.12.06"]
[Round "7.5"]
[White "Gueler Berdasco, Martin"]
[Black "Alfaya Marcelo, Roberto"]
[Result "1-0"]
[WhiteElo "1901"]
[BlackElo "2107"]
[PlyCount "115"]
[EventDate "2015.11.30"]
[EventType "swiss"]
[EventRounds "9"]
[EventCountry "ESP"]
[Source "lmi"]
[SourceDate "2015.11.30"]

1. b4 e5 2. Bb2 d6 3. g3 g6 4. Bg2 Bg7 5. d4 Nd7 6. e4 Ne7 7. Ne2 O-O 8. c4 Nc6
9. b5 Nxd4 10. Nxd4 exd4 11. Bxd4 Nc5 12. O-O Be6 13. Bxg7 Kxg7 14. Qd4+ Qf6
15. Qxf6+ Kxf6 16. Nd2 a6 17. a4 axb5 18. axb5 Ke7 19. f4 f6 20. Rfb1 Kd7 21.
Kf2 Rfe8 22. h3 g5 23. f5 Bf7 24. Ke3 h5 25. Kd4 Reb8 26. Kc3 Kc8 27. Nb3 Nxb3
28. Kxb3 c6 29. Kc3 cxb5 30. cxb5 Kd7 31. Kb4 Rc8 32. e5 fxe5 33. Rxa8 Rxa8 34.
Bxb7 Ra7 35. Ba6 d5 36. Ka5 d4 37. b6 Ra8 38. b7 Rb8 39. Kb6 Bd5 40. Ka7 Bxb7
41. Rxb7+ Rxb7+ 42. Bxb7 d3 43. g4 d2 44. Bf3 hxg4 45. hxg4 e4 46. Be2 Kc6 47.
Ka6 Kc5 48. Ka5 Kd4 49. f6 Ke3 50. Bd1 Kf2 51. f7 Ke1 52. Bb3 e3 53. f8=Q d1=Q
54. Bxd1 Kxd1 55. Qd6+ Ke1 56. Qe5 e2 57. Qxg5 Kf2 58. Qd2 1-0

[Event "17. Open de la Constitución 2015"]
[Site "San Sebastian de los Reyes ES"]
[Date "2015.12.06"]
[Round "7.6"]
[White "Hernandez Ramos, David"]
[Black "Alvarez Abejon, Amilcar"]
[Result "1-0"]
[WhiteElo "1886"]
[BlackElo "2055"]
[PlyCount "93"]
[EventDate "2015.11.30"]
[EventType "swiss"]
[EventRounds "9"]
[EventCountry "ESP"]
[Source "lmi"]
[SourceDate "2015.11.30"]

1. d4 e6 2. c4 f5 3. Nf3 Nf6 4. Nc3 c6 5. g3 d5 6. cxd5 exd5 7. Bf4 Bd6 8. Bxd6
Qxd6 9. Bg2 O-O 10. O-O f4 11. Qd2 fxg3 12. hxg3 Bf5 13. a3 Nbd7 14. b4 Ne4 15.
Nxe4 Bxe4 16. Rac1 Nf6 17. Ne5 Bxg2 18. Kxg2 Ne4 19. Qe3 Qe7 20. f3 Nd6 21. Qd2
Rae8 22. Rh1 Nf5 23. Qd3 g6 24. f4 Nd6 25. Rh3 Ne4 26. Rch1 Rf6 27. b5 c5 28.
Rxh7 Qxh7 29. Rxh7 Kxh7 30. dxc5 Nxc5 31. Qxd5 b6 32. e4 Rfe6 33. Kf3 Kg7 34.
Qd4 Kh7 35. a4 R8e7 36. Qd8 Kg7 37. a5 Kh7 38. axb6 axb6 39. Kg2 Kg7 40. Kh3
Kh7 41. Nc6 Rd7 42. Qxb6 Nxe4 43. Qa5 Rd3 44. Qc7+ Kh6 45. Qc8 Rxg3+ 46. Kh4
g5+ 47. fxg5+ 1-0